'Ja', you betcha! Quiz Stats

Quiz not verified by Sporcle

Also try: 'F' Game
Challenge
Share
Tweet
Embed
Score 0/28 Timer 10:00
0 Plays Today
% Correct
Jack
84.6%
Japan
78.8%
Jamaica
75%
Jackson
73.1%
Janet
71.2%
James I
69.2%
James II
69.2%
James
69.2%
Jane
65.4%
Japanese
57.7%
Jakarta
55.8%
Jacksonville Jaguars
55.8%
Jason
53.8%
Jackie
48.1%
% Correct
Jacksonville University
48.1%
Jacob
44.2%
Janus
38.5%
Utah Jazz
34.6%
Javanese
32.7%
Jaden
26.9%
Jamaican Creole
25%
Jackson State University
21.2%
Jalisco
19.2%
Jacksonville State University
17.3%
Jayden
17.3%
James and the Giant Peach
13.5%
James Madison University
11.5%
Jaxon
11.5%

You're not logged in!

Compare scores with friends on all Sporcle quizzes.
Join for Free
OR
Log In

You Might Also Like...

Show Comments

Extras

Created Jun 14, 2011ReportNominate
Tags:betcha, starting

Top Quizzes Today


Score Distribution

Your Account Isn't Verified!

In order to create a playlist on Sporcle, you need to verify the email address you used during registration. Go to your Sporcle Settings to finish the process.

Report this User

Report this user for behavior that violates our Community Guidelines.

Details: